Francúzsky jazyk francúzske reálie

Guardado en:
Detalles Bibliográficos
Autor principal: Lapšanský, Ladislav
Otros Autores: Jacková, Júlia, Horváthová, A.
Formato: Libro
Lenguaje:eslovaco
francés
Publicado: Bratislava VŠE 1983
Etiquetas: Agregar Etiqueta
Sin Etiquetas, Sea el primero en etiquetar este registro!

MARC

LEADER 00000nam a2200000 4500
001 c132537
005 20230116103315.3
041 0 |a slo 
041 0 |a fre 
044 |a SK 
245 1 0 |a Francúzsky jazyk  |b francúzske reálie  |c Ladislav Lapšanský, Júlia Jacková, A. Horváthová 
264 1 |a Bratislava  |b VŠE  |c 1983 
300 |a 160 s. 
100 1 |a Lapšanský, Ladislav 
700 1 |a Jacková, Júlia 
700 1 |a Horváthová, A.